MARC details
| 000 -LEADER |
| fixed length control field |
02701cam a2200481 i 4500 |
| 001 - CONTROL NUMBER |
| control field |
200446953 |
| 003 - CONTROL NUMBER IDENTIFIER |
| control field |
TR-AnTOB |
| 005 - DATE AND TIME OF LATEST TRANSACTION |
| control field |
20240527161247.0 |
| 007 - PHYSICAL DESCRIPTION FIXED FIELD--GENERAL INFORMATION |
| fixed length control field |
ta |
| 008 - FIXED-LENGTH DATA ELEMENTS--GENERAL INFORMATION |
| fixed length control field |
011122s2001 tu a 000 0 tur d |
| 020 ## - INTERNATIONAL STANDARD BOOK NUMBER |
| International Standard Book Number |
9751928532 (v. 1) |
|
| International Standard Book Number |
9751928540 (v. 2) |
|
| International Standard Book Number |
9751928559 (v. 3) |
|
| International Standard Book Number |
9751928508 (v. 4) |
| 035 ## - SYSTEM CONTROL NUMBER |
| System control number |
(TR-AnTOB)200446953 |
| 040 ## - CATALOGING SOURCE |
| Original cataloging agency |
BGZ |
| Language of cataloging |
eng |
| Description conventions |
rda |
| Transcribing agency |
BGZ |
| Modifying agency |
TR-AnTOB |
| 041 0# - LANGUAGE CODE |
| Language code of text/sound track or separate title |
Türkçe |
| 050 #4 - LIBRARY OF CONGRESS CALL NUMBER |
| Classification number |
HD9506.T8 |
| Item number |
M332 2001 |
| 090 ## - LOCALLY ASSIGNED LC-TYPE CALL NUMBER (OCLC); LOCAL CALL NUMBER (RLIN) |
| Classification number (OCLC) (R) ; Classification number, CALL (RLIN) (NR) |
HD9506.T8 |
| Local cutter number (OCLC) ; Book number/undivided call number, CALL (RLIN) |
M332 2001 |
| 245 10 - TITLE STATEMENT |
| Title |
Madencilik Özel İhtisas Komisyonu raporu : |
| Remainder of title |
Endüstriyel hammaddeler alt komisyonu, genel endüstri mineralleri çalışma grubu raporu / |
| Statement of responsibility, etc. |
Devlet Planlama Teşkilatı. |
| 246 36 - VARYING FORM OF TITLE |
| Title proper/short title |
Sekizinci beş yıllık kalkınma planı Madencilik Özel İhtisas Komisyonu :Endüstriyel hammaddeler alt komisyonu, genel endüstri mineralleri çalışma grubu raporu |
|
| Title proper/short title |
Endüstriyel hammaddeler alt komisyonu, genel endüstri mineralleri çalışma grubu raporu |
| 264 #1 - PRODUCTION, PUBLICATION, DISTRIBUTION, MANUFACTURE, AND COPYRIGHT NOTICE |
| Place of production, publication, distribution, manufacture |
Ankara : |
| Name of producer, publisher, distributor, manufacturer |
DPT, |
| Date of production, publication, distribution, manufacture, or copyright notice |
2001- |
| 300 ## - PHYSICAL DESCRIPTION |
| Extent |
4 volumes : |
| Other physical details |
tables ; |
| Dimensions |
27 cm |
| 336 ## - CONTENT TYPE |
| Content type term |
text |
| Content type code |
txt |
| Source |
rdacontent |
| 337 ## - MEDIA TYPE |
| Media type term |
unmediated |
| Media type code |
n |
| Source |
rdamedia |
| 338 ## - CARRIER TYPE |
| Carrier type term |
volume |
| Carrier type code |
nc |
| Source |
rdacarrier |
| 490 0# - SERIES STATEMENT |
| Series statement |
Sekizinci beş yıllık kalkınma planı ; |
| Volume/sequential designation |
yayın no :DPT. 2618, 2620, 2621-ÖİK.629, 631, 632 |
| 500 ## - GENERAL NOTE |
| General note |
"DPT'nin 41. yılı." |
|
| General note |
"Ankara 2001." |
| 505 0# - FORMATTED CONTENTS NOTE |
| Miscellaneous information |
v. 1. |
| Title |
Asbest-grafit-kalsit-fluorit-titanyum.-- |
| Miscellaneous information |
v. 2. |
| Title |
Mika-zeolit-lületaşı -- |
| Miscellaneous information |
v. 3. |
| Title |
Nadir toprak elementleri-kıymetli ve yarı kıymetli taşlar.-- |
| Miscellaneous information |
v. 4. |
| Title |
Bentonit-barit-diatomit-aşandırıcılar. |
| 650 #0 - SUBJECT ADDED ENTRY--TOPICAL TERM |
| Topical term or geographic name entry element |
Mineral endüstrisi |
| Geographic subdivision |
Türkiye |
| 9 (RLIN) |
44237 |
|
| Topical term or geographic name entry element |
Metal ticareti |
| Geographic subdivision |
Türkiye |
| Source of heading or term |
etuturkob |
| 9 (RLIN) |
44236 |
|
| Topical term or geographic name entry element |
Madenler ve mineral kaynakları |
| Geographic subdivision |
Türkiye |
| 9 (RLIN) |
100127 |
| 710 2# - ADDED ENTRY--CORPORATE NAME |
| Corporate name or jurisdiction name as entry element |
Devlet Planlama Teşkilatı (Türkiye). |
| Subordinate unit |
Madencilik Özel İhtisas Komisyonu. |
| -- |
Endüstriyel Hammaddeler Alt Komisyonu |
| 9 (RLIN) |
37220 |
| 856 41 - ELECTRONIC LOCATION AND ACCESS |
| Public note |
Online access link to the resource (v. 1) |
| Uniform Resource Identifier |
<a href="https://www.sbb.gov.tr/wp-content/uploads/2018/11/08_Madencilik_SanayiHammaddeleri_AsbetGrafitKalsitFluorit.pdf">https://www.sbb.gov.tr/wp-content/uploads/2018/11/08_Madencilik_SanayiHammaddeleri_AsbetGrafitKalsitFluorit.pdf</a> |
|
| Public note |
Online access link to the resource (v. 2) |
| Uniform Resource Identifier |
<a href="https://www.sbb.gov.tr/wp-content/uploads/2018/11/08_Madencilik_SanayiHammaddeleri_MikaZeolitLuletasi.pdf">https://www.sbb.gov.tr/wp-content/uploads/2018/11/08_Madencilik_SanayiHammaddeleri_MikaZeolitLuletasi.pdf</a> |
|
| Public note |
Online access link to the resource (v. 3) |
| Uniform Resource Identifier |
<a href="https://www.sbb.gov.tr/wp-content/uploads/2018/11/08_Madencilik_Sanayi-Hammaddeleri_NadirToprakElementleriKiymetliveYari-KiymetliTaslar-.pdf">https://www.sbb.gov.tr/wp-content/uploads/2018/11/08_Madencilik_Sanayi-Hammaddeleri_NadirToprakElementleriKiymetliveYari-KiymetliTaslar-.pdf</a> |
|
| Public note |
Online access link to the resource (v. 4) |
| Uniform Resource Identifier |
<a href="https://www.sbb.gov.tr/wp-content/uploads/2018/11/08_Madencilik_SanayiHammaddeleri_BentonitBaritDiotoit.pdf">https://www.sbb.gov.tr/wp-content/uploads/2018/11/08_Madencilik_SanayiHammaddeleri_BentonitBaritDiotoit.pdf</a> |
| 942 ## - ADDED ENTRY ELEMENTS (KOHA) |
| Source of classification or shelving scheme |
Library of Congress Classification |
| Koha item type |
Book |